Pequeno vocabulário ortográfico da língua portuguesa (Record no. 189100)

MARC details
000 -LÍDER
campo de controle de tamanho fixo 00470 a2200169 4500
001 - NÚMERO DE CONTROLE
campo de controle 189100
020 ## - ISBN - INTERNATIONAL STANDARD BOOK NUMBER
ISBN - International Standard Book Number 978-85-260-1506-7
040 ## - FONTE DA CATALOGAÇÃO
Instituição que transcreveu o registro Magnum
100 ## - ENTRADA PRINCIPAL--NOME PESSOAL
Nome pessoal Academia Brasileira de Letras
240 10 - TÍTULO UNIFORME
Título uniforme Pequeno vocabulário ortográfico da língua portuguesa
Idioma da obra por
245 10 - TÍTULO
Título Pequeno vocabulário ortográfico da língua portuguesa
300 ## - DESCRIÇÃO FÍSICA
Extensão 379
362 0# - DATAS DE PUBLICAÇÃO E/OU DESIGNAÇÃO SEQUENCIAL
Datas de publicação e/ou designação sequencial 2011
440 #1 - DECLARAÇÃO DE SÉRIE/ENTRADA ADICIONADA--TÍTULO
Título Global
697 ## - ENTRADA DE ASSUNTO LOCAL--ENTIDADE COLETIVA (RLIN)
Nome corporativo ou nome da jurisdição LÍNGUA, TEORIA DA LITERATURA E GRAMÁTICA
942 ## - ELEMENTOS DE ENTRADA ADICIONADOS (KOHA)
Tipo de material Koha Livros
Holdings
Situação do descarte Situação das perdas Situação física Não pode ser emprestado Biblioteca de origem Biblioteca atual Data de aquisição Total de empréstimos Número de chamada completo Código de barras Data de último acesso Data do preço efetivo Tipo de material Koha
        Magnum Magnum 08/06/2024   820.34 MAG00063861 08/06/2024 08/06/2024 Livros